LEADER 00896nam0-22002891i-450- 001 990004778370403321 005 20110518105134.0 035 $a000477837 035 $aFED01000477837 035 $a(Aleph)000477837FED01 035 $a000477837 100 $a19990604d1833----km-y0itay50------ba 101 0 $alat 102 $aDE 105 $ay---c---00--- 200 1 $aDe rerum natura libri VI$eAd optimorum librorum fidem$eAccurate editi accedit varietas lectionis et index latinitatis$fTiti Lucreti Cari 205 $aEd. stereotypa 210 $aLipsiae$cTauchnitii$d1833 215 $a96 p.$d15 cm 700 1$aLucretius Carus,$bTitus$f<97-55 a. C.>$071848 801 0$aIT$bUNINA$gRICA$2UNIMARC 901 $aBK 912 $a990004778370403321 952 $aSG 870/A 11$bR. Bibl. 16950$fFLFBC$mB10-03894 959 $aFLFBC 996 $aDe rerum natura libri VI$9559926 997 $aUNINA LEADER 01622nam2-2200457---450- 001 990000307290203316 005 20080513182108.0 010 $a0-89867-875-7 035 $a0030729 035 $aUSA010030729 035 $a(ALEPH)000030729USA01 035 $a0030729 100 $a20001129d1996----km-y0itay0103----ba 101 0 $aeng 102 $agb 105 $a||||||||001yy 200 1 $aFactors limiting microbial growth in distribution systems$efull-scale experiments$fprepared by Mark W. LeChevallier and Nancy J. Shaw, Darrel B. Smith$gsponsored by AWWA Research Foundation 210 $aDenver$cAWWA Research Foundation ; American Water Works Association$dcopyr. 1996 215 $aXIX, 152 p.$d28 cm 300 $aIn cop.: Subject area: distribution systems 606 $aAcque potabili$xMicrobiologia 676 $a628.101579 702 1$aLECHEVALLIER,$bMark W. 702 1$aSHAW,$bNancy J. 702 1$aSMITH,$bDarrel B. 801 0$aIT$bsalbc$gISBD 912 $a990000307290203316 951 $a628.101579 FAC$b15550 ING.$c628$d00068051 959 $aBK 969 $aTEC 979 $aTAMI$b40$c20001129$lUSA01$h1710 979 $aTAMI$b40$c20001129$lUSA01$h1743 979 $aTAMI$b40$c20001129$lUSA01$h1744 979 $aTAMI$b40$c20001205$lUSA01$h0909 979 $aTAMI$b40$c20001205$lUSA01$h0913 979 $aPATTY$b90$c20010830$lUSA01$h1124 979 $c20020403$lUSA01$h1638 979 $aPATRY$b90$c20040406$lUSA01$h1621 979 $aPATRY$b90$c20080513$lUSA01$h1821 996 $aFactors limiting microbial growth in distribution systems$9880694 997 $aUNISA